00773nam a22001817a 4500008004100000082001700041100002300058245017800081260005900259300002500318502003700343504002800380650002100408650002300429942001300452999001900465952010700484230618b |||||||| |||| 00| 0 eng d a543.23/D149i aDhakal, Kedar Nath aInvestigation of micromechanical properties and strain sensing behavior of electrically cinducting and piezoresistive flexible copolyester/ carban nanotubes nanocomposities. aKathmandu:bInstitute of Science and Technology,c2022 bxviii, 132p.; illus. aThesis ( Ph.D. in Chemistry), TU aBibliography: p.106-132 aThermal Analysis aThermal Techniques 2ddccNCD c109685d109673 00102ddc4070aTUCLbTUCLd2023-06-18l0o543.23/D149ipD14449r2023-06-18 00:00:00w2023-06-18yNCD